The Indigo Girl (Record no. 225580)
[ view plain ]
| 000 -LEADER | |
|---|---|
| fixed length control field | 00504nim a22001815 4500 |
| 001 - CONTROL NUMBER | |
| control field | BK0020425440 |
| 005 - DATE AND TIME OF LATEST TRANSACTION | |
| control field | 20170914152829.0 |
| 007 - PHYSICAL DESCRIPTION FIXED FIELD--GENERAL INFORMATION | |
| fixed length control field | sd fungnnmmned |
| 008 - FIXED-LENGTH DATA ELEMENTS--GENERAL INFORMATION | |
| fixed length control field | 170907 eng |
| 020 ## - INTERNATIONAL STANDARD BOOK NUMBER | |
| International Standard Book Number | 9781455137183 : CMD |
| Terms of availability | 34.95 |
| 020 ## - INTERNATIONAL STANDARD BOOK NUMBER | |
| International Standard Book Number | 1455137189 : CMD |
| Terms of availability | 34.95 |
| 037 ## - SOURCE OF ACQUISITION | |
| Source of stock number/acquisition | Blackstone Pub, Special Markets Po Box 969, Ashland, OR, USA, 97520 |
| Note | SAN 173-2811 |
| 050 ## - LIBRARY OF CONGRESS CALL NUMBER | |
| Classification number | PS |
| 082 ## - DEWEY DECIMAL CLASSIFICATION NUMBER | |
| Classification number | 813 |
| 092 ## - LOCALLY ASSIGNED DEWEY CALL NUMBER (OCLC) | |
| Classification number | 813.0000 |
| 100 ## - MAIN ENTRY--PERSONAL NAME | |
| Personal name | Boyd, Natasha |
| 245 04 - TITLE STATEMENT | |
| Title | The Indigo Girl |
| 260 ## - PUBLICATION, DISTRIBUTION, ETC. (IMPRINT) | |
| Name of publisher, distributor, etc | Blackstone Pub |
| Date of publication, distribution, etc | 2017 |
| Withdrawn status | Lost status | Source of classification or shelving scheme | Materials specified (bound volume or other part) | Damaged status | Not for loan | Collection code | Home library | Current library | Shelving location | Date acquired | Source of acquisition | Cost, normal purchase price | Total Checkouts | Total Renewals | Full call number | Barcode | Date last seen | Date checked out | Cost, replacement price | Price effective from | Koha item type |
|---|---|---|---|---|---|---|---|---|---|---|---|---|---|---|---|---|---|---|---|---|---|
| Dewey Decimal Classification | .CIRCNOTE. 9 discs | Audiobooks | Wasatch County Library | Wasatch County Library | Second Floor | 11/15/2017 | Blackstone | 100.00 | 13 | 5 | CD Boyd | 34301001516329 | 07/12/2024 | 06/21/2024 | 100.00 | 03/20/2020 | Audiobook on CD |
